| 000 | 00000nam 2200000zi 4500 |
| 001 | 9.879115 |
| 003 | CaOODSP |
| 005 | 20221107165427 |
| 006 | m o d f |
| 007 | cr ||||||||||| |
| 008 | 190910e198508##onc o f000 0 fre d |
| 040 | |aCaOODSP|bfre|erda|cCaOODSP |
| 043 | |an-cn--- |
| 086 | 1 |aEn13-5/85-94F-PDF |
| 100 | 1 |aAspila, K. I., |eauteur. |
| 245 | 10|aÉtude interlaboratoire L-9 du TADPA : |bprincipaux ions, éléments nutritifs et propriétes physiques en milieu aqueux / |cK. Aspila [et trois autres]. |
| 264 | 1|aBurlington, Ontario : |bInstitut national de recherche sur les eaux, Division des méthodes analytiques, Section de l'assurance de la qualité et des méthodes, |cAoût 1985. |
| 300 | |a1 ressource en ligne (1 volume (en pagination multiple)) |
| 336 | |atexte|btxt|2rdacontent/fre |
| 337 | |ainformatique|bc|2rdamedia/fre |
| 338 | |aressource en ligne|bcr|2rdacarrier/fre |
| 490 | 1 |aNWRI contribution ; |v85-94 |
| 500 | |aÉdition numérisée de l’imprimé [par Environnement et Changement climatique Canada]. |
| 500 | |aNuméro de contrôle : AM275. |
| 504 | |aComprend des références bibliographiques (pages 23-24). |
| 692 | 07|2gccst|aGestion de l'eau |
| 692 | 07|2gccst|aQualité de l'eau |
| 710 | 1 |aCanada. |bEnvironnement Canada. |
| 710 | 2 |aInstitut national de recherche sur les eaux (Canada). |bSection de l'assurance-qualité et des méthodes. |
| 775 | 08|tLRTAP intercomparison study L-8 |w(CaOODSP)9.846959 |
| 830 | #0|aCollection INRE ;|v85-94.|w(CaOODSP)9.867771 |
| 856 | 40|qPDF|s7.72 Mo|uhttps://publications.gc.ca/collections/collection_2019/eccc/en13-5/En13-5-85-94-fra.pdf |